| 000 -LEADER |
| fixed length control field |
01570nam a22001937a 4500 |
| 003 - CONTROL NUMBER IDENTIFIER |
| control field |
OSt |
| 005 - DATE AND TIME OF LATEST TRANSACTION |
| control field |
20240424084031.0 |
| 008 - FIXED-LENGTH DATA ELEMENTS--GENERAL INFORMATION |
| fixed length control field |
240424b ||||| |||| 00| 0 eng d |
| 020 ## - INTERNATIONAL STANDARD BOOK NUMBER |
| International Standard Book Number |
9780552161251 |
| 040 ## - CATALOGING SOURCE |
| Transcribing agency |
KH8 |
| 082 ## - DEWEY DECIMAL CLASSIFICATION NUMBER |
| Classification number |
FIC BRO |
| 100 ## - MAIN ENTRY--PERSONAL NAME |
| Personal name |
Brown, Dan, |
| Relator term |
author. |
| 245 ## - TITLE STATEMENT |
| Title |
Digital Fortress / |
| Statement of responsibility, etc. |
Dan Brown. |
| 260 ## - PUBLICATION, DISTRIBUTION, ETC. |
| Place of publication, distribution, etc. |
London; |
| Name of publisher, distributor, etc. |
Transworld Publishers, |
| Date of publication, distribution, etc. |
2009. |
| 300 ## - PHYSICAL DESCRIPTION |
| Extent |
510 pages: |
| Dimensions |
22 cm. |
| 500 ## - GENERAL NOTE |
| General note |
'A new master of smart thrills' <br/> People Magazine |
| 520 ## - SUMMARY, ETC. |
| Summary, etc. |
National Security Agency, Fort Meade, Maryland: when the most powerful intelligence organization on earth's invincible code-breaking machine encounters a mysterious code it cannot break, it calls for its head cryptographer, Susan Fletcher, a brilliant and beautiful mathematician. What she uncovers sends shock waves through the corridors of power. The NSA is being held hostage...not by guns or bombs, but by a code so ingeniously complex that if released would cripple U.S. intelligence.<br/><br/>Seville, Spain: the creator of the code, Ensei Tankado, is found dead. And with him has died the secret to an impregnable code-writing formula that threatens to obliterate the post-cold war balance of power. Forever.<br/><br/>From the underground hallways of power to the skyscrapers of Tokyo to the towering cathedrals of Spain, a desperate race unfolds. Caught in an accelerating tempest of secrecy and lies, betrayed on all sides, Susan Fletcher finds herself fighting not only for her country but for her life, and in the end, for the life of the man she loves.<br/> |
| 942 ## - ADDED ENTRY ELEMENTS (KOHA) |
| Source of classification or shelving scheme |
|
| Koha item type |
Books - Fiction |